Gender, migration and development programme of UN-INSTRAW 2005-2010=Programa Género, Migración y Desarrollo de UN-INSTRAW 2005-2010 (Record no. 4856)
[ view plain ]
| 000 -LEADER | |
|---|---|
| fixed length control field | 00559nam a2200157 4500 |
| 008 - FIXED-LENGTH DATA ELEMENTS--GENERAL INFORMATION | |
| fixed length control field | 240311b |||||||| |||| 00| 0 eng d |
| 082 ## - DEWEY DECIMAL CLASSIFICATION NUMBER | |
| Classification number | 305.3 |
| Item number | UNI |
| 942 ## - ADDED ENTRY ELEMENTS (KOHA) | |
| Item Type | Reports |
| 110 ## - MAIN ENTRY--CORPORATE NAME | |
| Corporate Name | UN-Women |
| 245 ## - TITLE STATEMENT | |
| Title | Gender, migration and development programme of UN-INSTRAW 2005-2010=Programa Género, Migración y Desarrollo de UN-INSTRAW 2005-2010 |
| 260 ## - PUBLICATION, DISTRIBUTION, ETC. (IMPRINT) | |
| Place of Publication | Santo Domingo: |
| Name of Publisher | UN Women, |
| Date of Copyright | 2011 |
| 300 ## - PHYSICAL DESCRIPTION | |
| Extent | 60 p. |
| 856 ## - ELECTRONIC LOCATION AND ACCESS | |
| Uniform Resource Identifier | <a href="https://trainingcentre.unwomen.org/instraw-library/2011-I-MIG-GLO.pdf">https://trainingcentre.unwomen.org/instraw-library/2011-I-MIG-GLO.pdf</a> |
| 650 ## - SUBJECT ADDED ENTRY--TOPICAL TERM | |
| Topical Term | GENDER AND MIGRATION |
| 650 ## - SUBJECT ADDED ENTRY--TOPICAL TERM | |
| Topical Term | Migrant women's rights |
| Withdrawn status | Lost status | Source of classification or shelving scheme | Damaged status | Not for loan | Permanent location | Current location | Date acquired | Total Checkouts | Full call number | Barcode | Date last seen | Price effective from | Koha item type |
|---|---|---|---|---|---|---|---|---|---|---|---|---|---|
| Dewey Decimal Classification | Resource center, Muslim Women's Research And Action Forum | Resource center, Muslim Women's Research And Action Forum | 2024-03-11 | 305.3 UNI | RAF5196 | 2024-03-11 | 2024-03-11 | Reports |

